Statistics for Who Did That 2000s Song #2

Click here to take the quiz!

General Stats

  • This quiz has been taken 58,471 times
    (37,579 since last reset)
  • The average score is 11 of 22

Answer Stats

Year Song Artist or Group % Correct
2008I Kissed a GirlKaty Perry
96%
2007UmbrellaRihanna
92%
2009I Gotta FeelingBlack Eyed Peas
90%
2000The Real Slim ShadyEminem
89%
2004ToxicBritney Spears
88%
2003In da Club50 Cent
74%
2004Drop It Like It's HotSnoop Dogg
65%
2004Yeah!Usher
64%
2003Mr. BrightsideThe Killers
64%
2009My Life Would Suck
Without You
Kelly Clarkson
53%
2000All StarSmash Mouth
49%
2001Can't Get You Out
of My Head
Kylie Minogue
45%
2006CrazyGnarls Barkley
40%
2004Jesus WalksKanye West
40%
2000Big Pimpin'Jay-Z
31%
2008Electric FeelMGMT
29%
2006Ridin'Chamillionaire
23%
2004Float OnModest Mouse
22%
2000B.O.B.Outkast
19%
2004MapsThe Yeah Yeah Yeahs
11%
2003Such Great HeightsThe Postal Service
10%
2001New SlangThe Shins
9%

Score Distribution

Percentile by Number Answered

Percent of People with Each Score

Your Score History

You have not taken this quiz since the last reset